| 000 | 00501nam a2200193Ia 4500 | ||
|---|---|---|---|
| 005 | 20140311163142.0 | ||
| 008 | 140130s9999 xx 000 0 und d | ||
| 020 | _a0717286002 | ||
| 050 |
_aBJ 1500.P7 _b.B47 2005 |
||
| 100 |
_aBerry, Joy _931468 |
||
| 245 |
_cJoy Berry _aA book about breaking promises / |
||
| 260 |
_bScholastic, _c2005. _aNew York : |
||
| 300 |
_a1 v. (unpaged) : _bcol. ill. ; _c19 cm. |
||
| 440 | _v1 | ||
| 521 | _aG1 | ||
| 526 | _c220 | ||
| 942 |
_cBK _2lcc |
||
| 999 |
_c41979 _d41979 |
||